LEADER 01283cam a2200301 a 4500
001 c000281711
003 CARM
005 20050815140602.0
008 980310s1997 vra 000 0 eng d
019 1 |a 13724352 
040 |a VVUT  |b eng  |c VVUT  |d VVUT 
042 |a anuc 
043 |a u-at-vi 
082 0 4 |a 378.1982694099451  |2 21 
100 1 |a Hutchison, Kirsten. 
245 1 0 |a Inclusive curriculum :  |b project report /  |c Kirsten Hutchison, Liz Morrigan and Meg Mappin. 
260 |a [Melbourne] :  |b Victoria University of Technology, Equity and Social Justice Branch,  |c 1997. 
300 |a 29, [7] p. ;  |c 30 cm. 
610 2 0 |a Victoria University of Technology  |x Curricula. 
650 0 |a Educational equalization  |z Victoria  |z Melbourne. 
650 0 |a People with social disabilities  |x Education (Higher)  |z Victoria  |z Melbourne. 
650 0 |a Discrimination in higher education  |z Victoria  |z Melbourne  |x Prevention. 
700 1 |a Morrigan, Liz. 
700 1 |a Mappin, Meg. 
710 2 |a Victoria University of Technology.  |b Equity and Social Justice Branch. 
852 8 |b CARM  |h A1:AQ37C0  |i F03609  |p 0315416  |f BK 
999 f f |i 09ad6211-81d9-5ecb-837b-7e94a6fa99bb  |s 30ae9e23-f463-56aa-a177-2a2b5dc5bc27 
952 f f |p Can circulate  |a CAVAL  |b CAVAL  |c CAVAL  |d CARM 1 Store  |e F03609  |f A1:AQ37C0  |h Other scheme  |i book  |m 0315416